000 00441nam a22001457a 4500
999 _c17489
_d17489
008 221026b ||||| |||| 00| 0 eng d
020 _a9780142417225
082 _22011
_aDFic
_bG887
100 _aGrisham, John.
_946521
245 _aTheodore Boone, kid lawyer /
_cJohn Grisham.
260 _aNew York :
_bPuffin Books,
_c©2011.
300 _a263 pages ;
_c19 cm.
650 _aTrials (Murder)
_xJuvenile fiction.
_946522
942 _2ddc
_cDFIC